Very Difficult Geography Trivia #008 - Statistics

General Stats
  • This quiz has been taken 41 times
  • The average score is 21 of 70
Answer Stats
Question Answer % Correct
The most populous island in the Adriatic is what vowelless island that has roughly the same size as the neighboring Cres? The Baška tablet, considered the "birth certificate" of Croatian literacy and statehood, was discovered on this island. Krk
74%
Name either of the two main feeding rivers of the Aral Sea that were used by the Soviet Union to irrigate cotton and rice crops and whose catastrophic diversions caused the lake to lose 90% of its volume. Amu Darya / Syr Darya
66%
What do the flags of Perm Krai, Warwickshire, Missouri, Madrid (city), Zakarpattia Oblast, and the canton of Bern all have in common? A one-word answer will suffice. Bears
66%
The European Megalopolis and the Liverpool–Milan Axis are alternate phrases for what geographical corridor whose fruity nickname was coined by Roger Brunet in 1989? Brunet defines this corridor as having high urbanization, population, and industrial power. Blue Banana
66%
What country's best known nickname is the "Land of a Thousand Hills"? The moniker inspired the name of a now-defunct infamous radio station as well as a hotel managed by Paul Rusesabagina. Rwanda
61%
The flags of the fifteen counties of what country went viral online for their distinct low-resolution aesthetic often compared to amateur MS Paint drawings? The flags are actually heavily inspired by the country's traditional local quilting and appliqué techniques. Liberia
58%
The record for the highest temperature recorded north of the Arctic Circle is held by Verkhoyansk, while Oymyakon is recognized as the coldest permanently inhabited place on Earth. Both of these towns are located in what large Russian federal subject? Sakha / Yakutia
58%
As of 2025, the busiest airline route in the world was a domestic flight connecting Gimpo International Airport to what other city, a popular holiday destination? It is estimated that around 14.4 million seats have been recorded on this flight route over the year. Jeju City
55%
New York City's kilometer zero point is what traffic circle located at the southwestern corner of Central Park? It shares a name with a city located approximately 770 km to the west of New York City. Columbus Circle
53%
The Mazar-e-Quaid, a mausoleum serving as the final resting place of Muhammad Ali Jinnah, is located in what large metropolis whose harbour is naturally protected by the Manora peninsula? Karachi
53%
What city sits on the northern foothills of the Kopet Dag mountain range? As of 2018, only white or light-silver cars are permitted on its streets, a policy enforced in order to match the city's white marble architecture and as a way to ward off "bad luck". Ashgabat
42%
What term for a type of landscape formed when underlying soluble rocks are dissolved by water takes its name from a limestone plateau stretching across parts of southwestern Slovenia and northeastern Italy? Karst
42%
Occasionally transforming into a peninsula depending on storms and tide erosion, Chappaquiddick is a small island located off the eastern end of what other island whose largest town is Edgartown? Martha's Vineyard
42%
Known for its aromatic scents that drift from the forests and flowers upstream, what is the name of the main river flowing through the Imperial City of Huế, Vietnam? This river's name shares a common bond with the largest city in North Rhine-Westphalia as well as with the town of Grasse in France. Perfume
42%
Located next to the ancient city of Nesebar, what is the largest seaside resort in Bulgaria? Known as "Slanchev bryag" in Bulgarian, it is most commonly referred to by an English name that accurately reflects its usual weather during the summer and its coastal location. Sunny Beach
42%
On which island is Kupang located? It was the final destination of Captain William Bligh's voyage after he and his crew were cast adrift in an open boat following the Mutiny on the Bounty. Timor
42%
A financial area in Lagos located on a former island, a natural landmark known locally as Mosi-oa-Tunya, a coastal city located near the Butchart Gardens, and the tallest peak on Hong Kong Island all share what name? Victoria
42%
New Zealand’s smallest national park, famed for its sea kayaking and its coastal hiking trails, was established in 1942 and honors what first European to sight the islands? Abel Tasman
39%
The self-proclaimed Republic of Logone, often considered an example of a proto-state, was formed by the Muslim-led movement FPRC in 2015 and and was controlled by ex-Séléka leaders. In which sovereign country was this unrecognized state located? Central African Republic
39%
Moscow is primarily served by four major commercial international airports: Sheremetyevo, Vnukovo, Zhukovsky, and what fourth airport whose IATA code is DME? You may provide the name of the Moscow Oblast town where it is located, or the scientist it was officially named after per a 2019 decree. Domodedovo / Mikhail Lomonosov
39%
A circular geological dome visible from space called the Richat Structure and Ben Amera, often recognized as the world's second-largest monolith after Uluru, are natural landmarks located in what country? Mauritania
39%
Latin America's largest seaport is what gateway to São Paulo that acts as a major global hub for coffee exports? It is perhaps best known to sports enthusiasts as the home of a successful football (soccer) club where Pelé spent most of his career. Santos
39%
What walled "City of Saints" in eastern Ethiopia features maze-like alleys, dozens of mosques, and a unique nightly ritual where locals feed wild hyenas just outside the city's walls? Its name is similar to a current world capital originally founded as Fort Salisbury. Harar
37%
What country is primarily divided into two main natural regions, the agricultural Guttland in the central and southern parts of the country made up of fertile plains and rolling hills, and the Éislek in the north consisting of dense forests and river valleys? Luxembourg
37%
Vacoas-Phoenix, Beau Bassin-Rose Hill, Curepipe, and Quatre Bornes are the only populated places to hold the official status of town (as opposed to city) in what country? Mauritius
37%
Although Brades is the de facto capital since 1998, what ghost town remains the de jure capital of Montserrat? It was buried in volcanic ash and abandoned after the eruption of the Soufrière Hills made the southern half of the island a forbidden exclusion zone. Plymouth
37%
What Chinese province with its capital at Nanning was converted into an autonomous region in 1958 to support the cultural autonomy of the Zhuang, the largest minority group in the country? Guangxi
34%
Derived from an Old Javanese word meaning "outer islands" or "archipelago", what term has evolved to refer in Indonesia to the Indonesian Archipelago as a whole? It is also found in the recent Indonesian abbreviation IKN, whose first two letters stand for Ibu Kota. Nusantara
34%
What is the closest Swedish equivalent of the Czech městys, the Finnish kauppala, and the English chipping? A six-letter answer is required. Köping
32%
The pororoca is a tidal bore that surges upstream from the Atlantic Ocean into the Amazon River and its surrounding tributaries. What large island, also known for its large water buffalo population, acts as the primary observation and surfing spot for this phenomenon? Marajó
32%
The phrase Y Wladfa refers to the historic and enduring Welsh-speaking settlements established in Argentina (Gaiman, Dolavon, Trelew, etc.) that began in 1865 when over 150 Welsh settlers arrived on the clipper ship Mimosa. These settlements were primarily founded along the shores of what river? Chubut
29%
The southern Togolese region whose capital is Atakpamé is named for what type of physical feature? Examples of this feature worldwide include Bolaven in Laos, Ćićarija in Croatia, and Changtang in China. Plateau
29%
Blending Norse Viking motifs with Christian design, what medieval wooden churches characterized by their post-and-lintel structural framing system were commonly built in Norway between the 11th and 13th centuries? Stave churches
29%
Drinking a shot of whiskey (usually Yukon Jack) garnished with a dehydrated human toe is a rite of passage for visitors heading to the Downtown Hotel in what small town at the confluence of the Yukon and Klondike rivers? Dawson City
26%
Cephalonia and Paxos are two of the seven main islands that make up what archipelago? The 19th-century Septinsular Republic, an oligarchic federation centered on these islands, was arguably the first self-governing Greek state since the fall of the Byzantine Empire. Ionian Islands / Heptanese
26%
What is the largest city located on the narrow coastal plain known as the Tihamah? Known for its intense heat and its agricultural valleys, the Tihamah is bounded by the historical region of Hejaz to the east. Jeddah
26%
While Springer Mountain in Georgia is the southern terminus of the Appalachian Trail, what Maine peak sacred to the Wabanaki peoples serves as its northern terminus? Katahdin
26%
What word links a river that flows through Upington, a Provençal town renowned for its Roman theatre, a New Jersey township that was the birthplace of hat maker John B. Stetson, and a winemaking New South Wales city in the Central Tablelands? Orange
26%
The coastal conurbation known locally as the Gush Dan is centered on what city whose metropolitan area has around 4 million inhabitants? Tel Aviv
26%
What was the former name of the Uttar Pradesh metropolis now officially known as Prayagraj? With this change, the local state government aimed to restore the city's ancient Hindu heritage and shed its Mughal and Islamic legacy. Allahabad
24%
What "Opal Capital of the World" has over half of its residents living in subterranean dwellings known locally as "dugouts"? These dugouts are an energy-efficient solution, as the area often experiences intense summer heat exceeding 40°C. Coober Pedy
24%
Also called tent rock, fairy chimney, or earth pyramid, what word of Southern Paiute origin refers to tall and thin spires of rock formed by millions of years of erosion? Bryce Canyon contains the largest concentration of these formations in the world. Hoodoo
24%
A Khoikhoe word meaning "hard, dry desert" is the etymology of what vast natural region in South Africa's interior that is divided into "Great" and "Klein" subregions? Karoo
24%
The Karapan sapi bull racing festival is held every year on what salt-producing arid island? The Suramadu Bridge, inaugurated in 2009, connects this island's Bangkalan Regency to the city of Surabaya. Madura
24%
A Lake District in northeastern Poland consisting of over 2,000 post-glacial lakes linked by rivers and canals is named for what ethnographic and geographic region whose largest city is Ełk? This region, together with Warmia, forms a contemporary voivodeship. Masuria
24%
What single word is missing from this otherwise complete list: Johor, Kedah, Kelantan, Malacca, Negeri Sembilan, Pahang, Penang, Perak, Perlis, Sabah, Sarawak, _____, Terengganu? Selangor
24%
A group of ~365 small islands scattered about the Asese peninsula are collectively called the "Islets of" what Nicaraguan city? Unlike the more Castilian-influenced appearance of its colonial rival, León, this town is nicknamed "La Gran Sultana" due its Andalusian and Moorish influences. Granada
21%
Among the Japanese prefectures located in the Kansai region, which one comes first alphabetically in English? Hyōgo
21%
What term refers to the region of northeastern Thailand made up of 20 provinces and characterized by its distinct Lao-influenced culture and language, spicy cuisine, and Khmer archaeological sites such as Phanom Rung Historical Park? Isan
21%
The largest man-made harbor in the world is what Emirati desalination hub that hosts a free economic zone and a complex that is the world's largest single-site natural gas power generation facility? An artificial palm island in Dubai also bears the same name. Jebel Ali
21%
What is the most densely populated island in Denmark? It is home to Copenhagen Airport and is connected to Sweden via the Øresund Bridge. Amager
18%
Baile Inbhir Nis, Loch Laomainn, and Baile a' Chlamhain are the Scottish Gaelic names of three communities located on what non-European island? In English, these towns are respectively known as Inverness, Loch Lomond, and Port Hawkesbury. Cape Breton
18%
The coat of arms on the national flag of Ecuador features Mount Chimborazo, the Aries, Taurus, Gemini, and Cancer zodiac signs, a steamboat, as well as what river that flows through the country's largest city? Guayas
18%
What large basin lends its name to the region covering the southwestern part of Kosovo? Its name is derived from the Greek metochion, meaning "monastic estate", due to its high concentration of medieval Serbian Orthodox monasteries. Metohija
18%
Considered the hardest and most dangerous ski race in the world as it features an 85% gradient, 60-meter jumps, and an icy surface, the Hahnenkamm Downhill on the Streif is located in what Tyrolian resort town lending its name to a local mountain range? Kitzbühel
16%
The black and white flag of Cornwall is named after which 5th-century abbot and saint whose name is, unrelatedly, identical to that of a medieval town in Slovenian Istria? Piran
16%
What word precedes "East" and "West" in the names of two Kenyan National Parks? The area is perhaps most infamous for a pair of man-eating lions that terrorized workers on the Uganda Railway in 1898, a story that was later immortalized by John Henry Patterson. Tsavo
16%
Name either of the two islands that make up, along with an eponymous peninsula, the bulk of the Macau SAR. The Cotai reclamation zone, which houses the city's main entertainment and gambling venues, is itself a portmanteau word of those two islands. Coloane / Taipa
13%
What name is shared by the Libyan district home to the Koukemen fortress and the Acacus Mountains rich in prehistoric rock art, and a term used on the Indian subcontinent to refer to a series of steps leading down to a body of water (such as the steps leading to the Ganges in Varanasi)? Ghat
13%
Before the race was moved to South America due to security threats, what pink lake northeast of Dakar often served as the finishing point of the Paris-Dakar rally, hosting the podium ceremony? Lake Retba
13%
Which archipelago, made up of the Bahamas and the Turks and Caicos Islands, was named after the subgroup of the Taíno people who were the first to settle in the area around 800 CE (or possibly earlier)? Lucayan Archipelago
13%
India's Aurangabad district is a popular tourist destination due to two UNESCO sites consisting of ancient rock-cut cave temples. One is known for its Buddhist paintings and frescoes, while the other incorporates multi-faith cave architecture. Name either. Ajanta / Ellora
11%
What is the Albanian term for the ethnolinguistic minority present in Calabria, Sicily, and Apulia, many of whom descend from Albanians who fled the Balkans between the 14th and 18th centuries after the Ottoman conquest? Arbëreshë
11%
What Belize town on Ambergris Caye popular with snorkelers is believed to have been the inspiration for Madonna's 1987 hit song "La Isla Bonita"? Most of its inhabitants are descendants of Yucatec Maya and Spanish settlers who fled the Caste War in Mexico. San Pedro
11%
The Kurdish-majority governorate of Halabja split off from what other Iraqi governorate in 2014, although it was not officially recognized as a separate region by Baghdad authorities until 2025? Sulaymaniyah
11%
What Geographic Information System software company's flagship product is the ArcGIS, which allows for creating, managing, analyzing, and mapping spatial data? Esri
8%
What large basin on the Congo River separates the cities of Brazzaville and Kinshasa and is situated right above the Livingstone Falls, a massive succession of rapids that prevent ships from sailing all the way to the Atlantic Ocean? Its name is similar, but not identical, to a former capital city located about 1,150 km away. Pool Malebo
8%
What coastal desert in northwestern Peru and Ecuador experiences occasional heavy rain from the El Niño phenomenon, unlike the drier Atacama? A small eponymous "false" fox is native to this desert, which shares its name with a province of the Piura Region. Sechura
8%
Which city in Adana Province is a key international energy transport hub and serves as the Mediterranean endpoint of two major oil and gas pipelines, one originating from the Caspian Sea near Baku and another running from Kirkuk, Iraq? Ceyhan
5%
What natural canyon located in Chiapas borders the city of Tuxtla Gutiérrez? Formed by the Grijalva River around the same time as the Grand Canyon, it features five main waterfalls (notably the Christmas Tree), and several caves, including the Cave of Colors. Sumidero Canyon
5%
No matching quizzes found
Score Distribution
Percent of People with Each Score
Percentile by Number Answered
Your Score History
You have not taken this quiz